000 00855nam a22002537a 4500
003 dpl
005 20180807132217.0
008 180807b xxu||||| |||| 00| 0 eng d
010 _aA-948908
020 _c195.00
_a9780195647488
035 _aA-948908, A-948909
037 _bCen Lib/Ret
040 _aDPL
_bEN
_c0
082 _a306.2
_bGOR
100 _aGordon, Stewart
_92378
245 _aMarathas, marauders, and state formation in eighteenth-century India \
_cby Stewart Gordon
260 _aDelhi
_bOxford University Press
_c1998
270 _aYMCA Library Building, Jai Singh Road
_bNew Delhi
_e110001
300 _axi,223p.
_c22cm(pbk)
500 _aIncludes bibliographical references and index
650 _aHistory-18th century
_zIndia
_92379
650 _aMaratha Empire
_zIndia
_92380
942 _2ddc
_cEN
_h306.2
_mGOR
999 _c122802
_d122802